000 00636nam a2200217Ia 4500
003 OSt
005 20230410150852.0
008 210423s2017 xx 000 0 und d
020 _a81-88237-41-8
040 _cAL
041 _aeng
082 _a574.192028
_223
_bRAOE
100 _aRAO (Beedu Sashidhar);DESHPANDE (Vijay)
_985510
245 _aExperimental biochemistry: a student companion
260 _aNew Delhi
_bI K International Publishing House
_c2017
300 _axiv,302
_bPB
365 _b345
_cINR
650 _aBiochemistry
_985511
906 _abiochemistry: ; companion ; Experimental ; student
942 _2ddc
_cBK
999 _c169561
_d169561